000 00582nam a22001937a 4500
003 OSt
005 20260312010618.0
008 260312b |||||||| |||| 00| 0 eng d
020 _a0-87893-188-0.
040 _aDWCL Main lib
_cOC
082 _22nd ed.
_aCirc. 575 F996 1986
100 _aFutuyma, Douglas J.
245 _aEvolutionary biology
_cDouglas J. Futuyma
250 _a2nd ed.
260 _aSunderland, Massachusetts :
_bSinauer Associates, Inc.,
_cc1986.
300 _axii, 600 p. :
_bill. ;
_c26 cm.
650 _aEvolution.
942 _2ddc
_cBK-CIRC
_e2nd ed.
_kCirc.
_n0
999 _c8977
_d8977